Student involvement in historically black greek letter organization / [et al.] (Record no. 77456)

MARC details
000 -CABECERA
campo de control de longitud fija 00668nam a2200241 a 4500
005 - FECHA Y HORA DE LA ÚLTIMA TRANSACCIÓN
campo de control 20210219153447.0
008 - ELEMENTOS DE LONGITUD FIJA--INFORMACIÓN GENERAL
campo de control de longitud fija 991125n 000 0 u
035 ## - NÚMERO DE CONTROL DEL SISTEMA
Número de control de sistema UPN01000101120
100 ## - ASIENTO PRINCIPAL--NOMBRE PERSONAL
Nombre de persona Schun, John H.
222 ## - TÍTULO CLAVE
Título clave NASPA JOURNAL
245 ## - MENCIÓN DE TÍTULO
Título Student involvement in historically black greek letter organization / [et al.]
300 ## - DESCRIPCIÓN FÍSICA
Extensión 274-282
362 ## - FECHAS DE PUBLICACIÓN Y/O DESIGNACIÓN SECUENCIAL
Fecha de publicación y/o designación secuencial 29, No. 4, 1992
505 ## - NOTA DE CONTENIDO CON FORMATO PREESTABLECIDO
Nota de contenido con formato Enero 1993
653 0# - TERMINO DE INDIZACION - NO CONTROLADO
Término no controlado ESTUDIANTES NEGROS
653 0# - TERMINO DE INDIZACION - NO CONTROLADO
Término no controlado FRATERNIDADES
653 0# - TERMINO DE INDIZACION - NO CONTROLADO
Término no controlado PARTICIPACION DEL ESTUDIANTE
653 0# - TERMINO DE INDIZACION - NO CONTROLADO
Término no controlado RESENTIMIENTOS
700 ## - ASIENTO SECUNDARIO--NOMBRE DE PERSONAL
Nombre de persona Triponey, Vicky L.
700 ## - ASIENTO SECUNDARIO--NOMBRE DE PERSONAL
Nombre de persona Heim, Lynette L.
904 ## - ELEMENTOS DE DATOS D LOCAL, LDD (RLIN)
a AC
b 038931
905 ## - TIPO DE MATERIAL
Tipo de material Articulo

No items available.